000 00874nam1a22002411 4500
001 rc\4555979
005 20130416184408.3
035 _a(NLR Aleph) 008366783
090 _a9032901
_c9032901
100 _a20130416d1961 |||y0rusy50 ca
101 0 _arus
102 _aRU
105 _a j |||||
200 1 _aУчебно-методическое пособие по техническому черчению
_eВып. 1-
_fКиевское высш. артиллер. инженерное ордена Ленина краснозам. училище им. С.М. Кирова
210 _aКиев
_cБ. и.
_d1961
215 _d22
333 _aПродаже не подлежит
700 1 _aЛанюк
_bА. В.
_gАндрей Васильевич
801 0 _aRU
_bNLR
_gpsbo
801 1 _aRU
_bELAR
_2rusmarc
852 _aNLR
_j61-6/9759
942 _cBOOK
980 _aNB